Manual de seguridad en el hospital: para el uso de administradores de Hospital y jefes de departamento
-д хадгалсан:
| Байгууллагын зохиогч: | |
|---|---|
| Формат: | Ном |
| Хэл сонгох: | испани |
| Хэвлэсэн: |
Chicago
Asociación Americana de Hospitales
1959
|
| Хэвлэл: | 1a. ed |
| Нөхцлүүд: | |
| Шошгууд: |
Шошго нэмэх
Шошго байхгүй, Энэхүү баримтыг шошголох эхний хүн болох!
|
MARC
| LEADER | 00000cam a2200000 a 4500 | ||
|---|---|---|---|
| 001 | UCE7789 | ||
| 003 | CL-VaPUC | ||
| 008 | 150703e19590000us |||||||||||||||||spa|d | ||
| 082 | 0 | 4 | |a 363.107 |b ASO |2 21 |
| 110 | 2 | |a Asociación Americana de Hospitales |e author |9 580510 | |
| 245 | 1 | 0 | |a Manual de seguridad en el hospital: para el uso de administradores de Hospital y jefes de departamento |
| 250 | |a 1a. ed | ||
| 300 | |a 124 p | ||
| 942 | |c BK | ||
| 945 | |d 20150703 10:05:00 |a gsalatino | ||
| 260 | |a Chicago |b Asociación Americana de Hospitales |c 1959 | ||
| 650 | 0 | |a Medidas de seguridad |9 264085 | |
| 650 | 0 | |a Hospitales |9 335788 | |
| 650 | 7 | |a MANUAL DE PROCEDIMIENTOS |2 CL-VaPUC |9 580511 | |
| 583 | |a last modification |c 20150703 10:05:00 |k Rodrigo Vera | ||
| 999 | |c 359813 |d 359811 | ||